OPAC Home

The Co=operarive Movement (Record no. 143853)

MARC details
000 -LEADER
fixed length control field 00420nam a22001697a 4500
003 - CONTROL NUMBER IDENTIFIER
control field LK-CoDNM
005 - DATE AND TIME OF LATEST TRANSACTION
control field 20231206111045.0
008 - FIXED-LENGTH DATA ELEMENTS--GENERAL INFORMATION
fixed length control field 231206b |||||||| |||| 00| 0 eng d
040 ## - CATALOGING SOURCE
Original cataloging agency LK-CoDNM
Modifying agency LK-CoDNM
Description conventions LK-CoDNM
041 ## - LANGUAGE CODE
Language code of text/sound track or separate title English
080 ## - UNIVERSAL DECIMAL CLASSIFICATION NUMBER
Universal Decimal Classification number 50 F 20
942 ## - ADDED ENTRY ELEMENTS (KOHA)
Koha item type Books
100 ## - MAIN ENTRY--PERSONAL NAME
Personal name Nathan,S.Sewami
245 ## - TITLE STATEMENT
Title The Co=operarive Movement
260 ## - PUBLICATION, DISTRIBUTION, ETC. (IMPRINT)
Place of publication, distribution, etc. Jeffna
Name of publisher, distributor, etc. Sri Sanmuganatha press
Date of publication, distribution, etc. 1916
300 ## - PHYSICAL DESCRIPTION
Extent 24p;17cm
Holdings
Withdrawn status Lost status Damaged status Not for loan Permanent Location Current Location Date acquired Full call number Barcode Koha item type
    Damaged   Library National Museum Colombo - Sri Lanka Library National Museum Colombo - Sri Lanka 2023-12-06 50 F 20 OB623 4 Books
Copyright © 2023 Department of National Museum, Colombo 07, Sri Lanka Funded by UNESCO IFAP UNESCO